000 00531nam a2200181Ia 4500
008 240925s9999 xx 000 0 und d
020 _a9788126514151
082 _a518.02855 YAN
100 _aYang, Won Y.; Cao, Wenwu ; Chung, Tae-Sang ; Morris, John
245 0 _aApplied Numerical Methods: Using MATLAB
250 _aNA
260 _aNew Delhi:
_bJohn Wiley and Sons
_c,2005.
300 _a585p.
_b0
_fOriginal
500 _aIncludes Index
600 _aHumanities & Natural Science
650 _aMathematics
942 _cBK
999 _c16252
_d16252